000 00380nam a2200121Ia 4500
008 220204s9999 xx 000 0 und d
082 _a159.913
_bDES
100 _aDescartes, Rene
245 0 _aRules for the direction of the mind: Discourse on the method mediations on first philosophy
260 _aChicago
_bWilliam Benton
_c1952
700 _aSpinoza, Benedict de
942 _cBK
999 _c36158
_d36158